000 01108nam a22002657a 4500
999 _c65414
_d65414
005 20240530110823.0
008 190725s2019 ua ab f b 000 0 ara d
017 _a2018/26748
_bمصر. دار الكتب
020 _a9789778123838
040 _aEG-CaGPL
_cEG-CaGPL
082 _221
_a363.7394/
_bق/أ ب
100 0 _aاسامة محمد الحسينى
245 1 2 _aالبحار والبحيرات المصرية وملوثاتها = Egyptian Seas and Lakes and Their Pollutants /
_cاعداد اسامة محمد الحسينى
246 1 1 _aEgyptian Seas and Lakes and Their Pollutants
250 _aط.1
260 _aالقاهرة :
_bالمكتب العربى للمعارف،
_c2019.
300 _a504 ص. :
_bايض ؛
_c24 سم.
504 _aيشتمل على ارجاعات ببليوجرافية
650 0 7 _2qrmak
_aالبحار والمحيطات
_zمصر
650 0 7 _2qrmak
_aالبحار والمحيطات
_xتلوث
650 0 7 _2qrmak
_aالجغرافيا الطبيعية
_zمصر
651 _2qrmak
942 _2ddc
_cBK